000 00511nam a2200181Ia 4500
001 11257
005 20260306161933.0
008 260306t1990||||xx |||||||||||||| ||spa||
041 _aESP
082 _a985.02
_bC76
100 _aComisión Nacional Peruana de V Centenario del Descubrimiento Encuentro de Dos Mundos
_eAUT
245 0 _aEl mundo andino en la época del descubrimiento
260 _c1990
300 _a242 páginas :
_c21 cm.
650 _aGEN
654 _aCHU
942 _cLIB
_dJUS
_fJUS
_2ddc
_n
999 _c11257
_d11257